| 000 | 00953cam a22001815a 4500 | ||
|---|---|---|---|
| 001 | L155390 | ||
| 008 | 120320s1780 xxk f 000 0 eng d | ||
| 035 | _a(Sirsi) u155390 | ||
| 041 | 0 | _aeng | |
| 100 | 1 | _aBald, Alexander | |
| 245 | 0 | 4 | _aThe farmer and corn-dealer's assistant; or, the knowledge of weights and measures made easy, by a variety of tables. ... To which are added, tables of all the fiars [sic] in Scotland for twenty-one years from 1756, ... Also, an extract from the Custom-house books of the annual exports and imports of grain in Scotland from the year 1707 to 1777. By Alexander Bald, ... |
| 260 |
_aEdinburgh _bprinted by MacFarquhar and Elliot, for W. Anderson, Stirling; C. Elliot, Edinburgh; Dunlop and Wilson, Glasgow; and the author, at Alloa _c1780 |
||
| 300 |
_axi, [1], 454 p. _c8o |
||
| 583 |
_aCondition reviewed _c20120620 _lcondition level 1 |
||
| 651 | 4 |
_aGreat Britain _y1707- |
|
| 690 |
_aRural _96268 |
||
| 942 | _n0 | ||
| 999 |
_c113533 _d113533 |
||